000 00393nam a2200157Ia 4500
100 _aOttenheimer/Davi/ wallace/Matthew
942 _cBK
366 _f27
654 _avirtual
245 _aSecuring the virtual environment:How to defend the enterprise against attack
260 _bWiley India
_c2012
082 _a5.8
_bOTT
300 _a425
546 _aENGLISH
_cComputers
999 _c34742
_d34742